000 00745nam a2200241 i 4500
001 C2-0326264
003 PPAK
005 20180728124148.0
008 140324s2009 my a|||| ||||| | zxx d
020 _a9789675080562
040 _aPPAK
_beng
_cPPAK
_erda
082 0 4 _a305.89595123
_223
090 0 0 _a305.89595123
_bHAK
_dR
245 0 0 _aHaknuk :
_borang kita - our people
264 1 _aKuantan, Pahang :
_bUniversiti Malaysia Pahang ,
_c2009
300 _a93 pages :
_bcolour illustrations ;
_c28 cm
336 _2rdacontent
_atext
337 _2rdamedia
_aunmediated
338 _2rdacarrier
_avolume
650 1 0 _aIndigenous peoples - Pahang. ; Indigenous peoples - Pahang - Social conditions.
700 _eauthor
942 _ddc
_cB
999 _c125946
_d125946